| 000 | 00487nam a2200169 i 4500 | ||
|---|---|---|---|
| 001 | 19510 | ||
| 003 | ES-MaACL | ||
| 005 | 20230906152119.0 | ||
| 007 | t| | ||
| 008 | 021002s1972 sp ||||1| spa d | ||
| 100 | 1 |
_aAbad Carretero, Luis, _d1895-1971 _9226341 |
|
| 245 | 1 | 0 |
_aPresencia viva del hombre actual / _cLuis Abad Carretero. |
| 260 |
_aMadrid : _bLiteroy, _c[1972] ( _fMatesanz) |
||
| 300 |
_a206 p. ; _c19 cm. |
||
| 852 |
_aES-MaACL _jC-49074 _bR.83010 |
||
| 999 |
_c19510 _d19510 |
||